Matières enseignées au collège - Statistiques

Statistiques générales
  • Ce quiz a été pris 5 236 fois
  • Le résultat moyen est 11 sur 14
Statistiques - réponses
Réponse % Correct
Français
99%
Anglais
97%
Mathématiques
97%
Espagnol
94%
EPS
89%
Allemand
88%
SVT
88%
Physique-Chimie
84%
Histoire-Géographie
81%
Education Musicale
77%
Technologie
72%
Arts Plastiques
62%
Italien
59%
Education Civique
26%
Aucun quiz correspondant
Distribution des résultats
% des personnes avec chaque résultat
Percentile par nombre de réponses
Votre historique - résultats
Vous n’avez pas pris ce quiz